Fantómové hovory a sms-správy sú stále väčším problémom

Až jedna tretina nemecky hovoriacich ľudí prijíma podvedome neexistujúce hovory a sms-správy. Vyplynulo to zo štúdie agentúry ARIS.

Salvato in:
Dettagli Bibliografici
Autore principale: Mišún, Juraj, 1978-
Natura: Capitolo di libro
Lingua:slovacco
Soggetti:
Tags: Aggiungi Tag
Nessun Tag, puoi essere il primo ad aggiungerne!!

MARC

LEADER 00000naa$a2200000$$$4500
001 0090881
005 20240502072021.2
041 0 |a slo 
044 |a SK 
245 1 0 |a Fantómové hovory a sms-správy sú stále väčším problémom  |c Juraj Mišún 
520 |a Až jedna tretina nemecky hovoriacich ľudí prijíma podvedome neexistujúce hovory a sms-správy. Vyplynulo to zo štúdie agentúry ARIS. 
610 2 0 |a telefón mobilný 
610 2 0 |a Nemecko 
100 1 |a Mišún, Juraj, 1978-